| 000 | 01205nam a2200337Ia 4500 | ||
|---|---|---|---|
| 001 | Para_9208 | ||
| 003 | CHAP | ||
| 005 | 20220818141720.0 | ||
| 008 | 220125s2006 xx 000 0 und d | ||
| 010 | _a207925 | ||
| 040 | _cCHAP | ||
| 090 | _aPA TESIS 2015 | ||
| 100 |
_aGarcía Muñoz, Nancy _946356 |
||
| 245 |
_aIdentificación de los enemigos naturales de las plagas del cultivo de la fresa (Fragaria x ananassa Duch.), en Irapuato, Guanajuato. / _c por Nancy García Muñoz |
||
| 260 |
_aChapingo, Méx. : _b el autor \ |
||
| 300 | _a83 h + Anexos | ||
| 502 | _aTesis (Ing. Agr. Esp. en Parasitología Agrícola) -- UACh. Departamento Parasitología Agrícola | ||
| 650 |
_aControl biológico de insectos _927582 |
||
| 650 |
_aFresa _x plagas _943226 |
||
| 650 |
_aInsectos _x identificación _958929 |
||
| 650 |
_aInsectos depredadores _9174382 |
||
| 650 |
_aTetranychus urticae _9112502 |
||
| 650 |
_aTrips _9164539 |
||
| 710 |
_aUACh. Departamento Prasitología Agrícola _9174383 |
||
| 901 | _aPA TESIS 2015 | ||
| 902 | _aM | ||
| 905 | _a0000002006 nmd 0000000000 00 | ||
| 910 | _a2006 | ||
| 942 |
_cPARA _2local |
||
| 942 |
_cPARA _2local |
||
| 999 |
_c207925 _d207925 |
||